000 00424nam a2200157Ia 4500
003 GCL
008 140319s9999 xx 000 0 ara d
040 _aGCL /
_cGCL
082 0 4 _aط
_b507
_bد ق
100 1 _aدار الشروق
245 1 0 _aالقطارات الفائقة /
_cدار الشروق
490 _a100 قصة
_v0
650 0 4 _aالمواصلات
650 0 4 _aالسكك الحديدية
942 _2ddc
_cBK
999 _c45169
_d45169